| Tag |
First Indicator |
Second Indicator |
Subfields |
| LEADER |
00000cam a2200000 a 4500 |
| 001 |
in00000036202 |
| 005 |
20151007055411.0 |
| 008 |
870923s1987 ne a br 00000 eng |
| 010 |
|
|
|a 87027396
|
| 020 |
|
|
|a 0444703365 (U.S. : pbk.)
|
| 035 |
|
|
|a (OCoLC)16830823
|
| 035 |
|
|
|9 AAB8144AM
|
| 040 |
|
|
|a DLC
|c DLC
|d TXA
|d UtOrBLW
|
| 043 |
|
|
|a e------
|
| 049 |
|
|
|a TXAM
|c [A11111413]
|
| 050 |
0 |
0 |
|a HC240.9.I55
|b I54 1987
|
| 082 |
0 |
|
|a 338.7/61004/0254
|2 19
|
| 245 |
0 |
0 |
|a Information technology atlas--Europe /
|c edited by IOS, J.C.P. Bus, Wedgwood & Company, Ltd. in collaboration with the Commission of the European Communities.
|
| 264 |
|
1 |
|a Amsterdam ;
|a New York :
|b North-Holland ;
|c 1987.
|
| 264 |
|
2 |
|a New York, N.Y., U.S.A. :
|b Sole distributors for the U.S.A. and Canada, Elsevier Science Pub. Co.,
|
| 300 |
|
|
|a xii, 469 pages :
|b illustrations ;
|c 24 cm.
|
| 336 |
|
|
|a text
|b txt
|2 rdacontent
|
| 337 |
|
|
|a unmediated
|b n
|2 rdamedia
|
| 338 |
|
|
|a volume
|b nc
|2 rdacarrier
|
| 504 |
|
|
|a Bibliography: page 469.
|
| 650 |
|
0 |
|a Information technology
|z Europe
|x Directories.
|
| 650 |
|
0 |
|a Information technology
|x Research
|z Europe
|x Directories.
|
| 650 |
|
0 |
|a Telecommunication
|z Europe
|x Directories.
|
| 650 |
|
0 |
|a Information technology
|z Europe
|x International cooperation.
|
| 710 |
2 |
|
|a International Organisations Services.
|
| 700 |
1 |
|
|a Bus, J. C. P.
|
| 710 |
2 |
|
|a Wedgwood & Company.
|
| 710 |
2 |
|
|a Commission of the European Communities.
|
| 999 |
|
|
|a MARS
|
| 999 |
f |
f |
|s d18f075f-c6d4-3fe3-8ba8-53b93dc0ce03
|i 44d41a0e-0555-315e-9c29-6b09b4be54d9
|t 0
|
| 952 |
f |
f |
|p ric
|a Texas A&M University
|b Rellis Campus
|c Joint Library Facility
|d Remote Storage
|t 0
|e HC240.9.I55 I54 1987
|h Library of Congress classification
|i unmediated -- volume
|m A14811111413
|
| 998 |
f |
f |
|a HC240.9.I55 I54 1987
|t 0
|l Remote Storage
|